| 000 | 00397 a2200109 4500 | ||
|---|---|---|---|
| 001 | ART_23266 | ||
| 005 | 20260410161930.0 | ||
| 008 | 260409a | ||
| 245 | 1 | 0 | _aAlgunos principios generales de técnica tributaria |
| 100 | 1 | _aCaplán, Benedicto | |
| 773 | 0 |
_tRevista de la Facultad de Ciencias Económicas de la Universidad de Cuyo _g- Año IV, Nº 10 (ene./abr. 1952) _wREV22981 |
|
| 999 |
_c28471 _d28471 |
||